Catálogo
 En Linea

Personality assessment : (Registro nro. 2215)

Detalles MARC
000 -CABECERA
campo de control de longitud fija 00711cam a2200217 a 4500
001 - NÚMERO DE CONTROL
campo de control 000002375
005 - FECHA Y HORA DE LA ÚLTIMA TRANSACCIÓN
campo de control 20200929150205.0
008 - DATOS DE LONGITUD FIJA--INFORMACIÓN GENERAL
campo de control de longitud fija 770525s1966 enka b 001 0 eng d
040 ## - FUENTE DE LA CATALOGACIÓN
Centro catalogador/agencia de origen DO-SdBNP
Lengua de catalogación spa
Centro/agencia transcriptor BNPHU
082 ## - NÚMERO DE LA CLASIFICACIÓN DECIMAL DEWEY
Número de clasificación nnn
Número de documento/Ítem P467a
245 00 - MENCIÓN DE TÍTULO
Título Personality assessment :
Resto del título selected readings /
Mención de responsabilidad, etc. edited by Boris Semeonoff.
260 ## - PUBLICACIÓN, DISTRIBUCIÓN, ETC.
Lugar de publicación, distribución, etc. Harmondsworth :
Nombre del editor, distribuidor, etc. Penguin,
Fecha de publicación, distribución, etc. 1966.
300 ## - DESCRIPCIÓN FÍSICA
Extensión 443, [5] p. :
Otras características físicas illus. ;
Dimensiones 19 cm.
490 1# - MENCIÓN DE SERIE
Mención de serie Penguin modern psychology
Designación de volumen o secuencia 8/6
500 ## - NOTA GENERAL
Nota general Incluyed index
504 ## - NOTA DE BIBLIOGRAFÍA, ETC.
Nota de bibliografía, etc. Bibliography: p. 425-426.
650 #0 - PUNTO DE ACCESO ADICIONAL DE MATERIA--TÉRMINO DE MATERIA
Término de materia o nombre geográfico como elemento de entrada Personality assessment.
9 (RLIN) 7549
700 1# - PUNTO DE ACCESO ADICIONAL--NOMBRE DE PERSONA
Nombre de persona Semeonoff, Boris,
Término indicativo de función/relación ed.
9 (RLIN) 7550
830 #0 - PUNTO DE ACCESO ADICIONAL DE SERIE-TÍTULO UNIFORME
Título uniforme Penguin modern psychology
Número de parte o sección de la obra 8/6
9 (RLIN) 7551
910 ## - DATOS DE OPCIÓN DEL USUARIO (OCLC)
Datos de opción del usuario Catalogación derivada
Existencias
Estado de retiro Estado de pérdida Restricciones de uso No para préstamo Código de colección Localización permanente Ubicación/localización actual Ubicación en estantería Fecha de adquisición Número de inventario Total de préstamos Signatura topográfica completa Código de barras Fecha visto por última vez Número de copia Precio válido a partir de Tipo de ítem Koha
    Préstamo restringido Préstamo restrigido Monografías: Libros y Folletos General General En catalogación 22.09.2009 LF1   nnn P467a 2375-10 25.06.2020 e. 1 25.06.2020 Préstamo interno

Con tecnología Koha